Statistics for FIFA NATIONAL TEAMS TOP GOAL SCORERS

Click here to take the quiz!

General Stats

  • This quiz has been taken 32 times
  • The average score is 26 of 37

Answer Stats

HintAnswer% Correct
PORTUGAL 123Cristiano Ronaldo
100%
IVORY COAST 65Didier Drogba
97%
ARGENTINA 104Lionel Messi
97%
URUGUAY 68Luis Suárez
97%
BRAZIL 79Neymar
97%
POLAND 81Robert Lewandowski
97%
SWEDEN 62Zlatan Ibrahimović
97%
WALES 41Gareth Bale
93%
BELGIUM 75Romelu Lukaku
93%
UKRAINE 48Andriy Shevchenko
86%
ENGLAND 58Harry Kane
86%
GERMANY 71Miroslav Klose
86%
FRANCE 54Olivier Giroud
86%
CAMEROON 56Samuel Eto'o
86%
HUNGARY 84Ferenc Puskás
83%
SENEGAL 37Sadio Mané
83%
CHILE 51Alexis Sánchez
79%
SPAIN 59David Villa
79%
MEXICO 52Javier Hernández
76%
USA 57Landon Donovan / Clint Dempsey
76%
BOSNIA 65Edin Džeko
72%
IRELAND 68Robbie Keane
69%
GABON 30Pierre-Emerick Aubameyang
66%
COLOMBIA 36Radamel Falcao
66%
NETHERLANDS 50Robin van Persie
66%
AUSTRALIA 50Tim Cahill
66%
SERBIA 55Aleksandar Mitrović
62%
ECUADOR 40Enner Valencia
62%
ARMENIA 32Henrikh Mkhitaryan
52%
FINLAND 38Teemu Pukki
48%
TOGO 32Emmanuel Adebayor
38%
MONTENEGRO 32Stevan Jovetić
34%
ALGERIA 41Islam Slimani
31%
ITALY 35Gigi Riva
17%
PERU 38Paolo Guerrero
17%
VENEZUELA 39Salomón Rondón
17%
CANADA 28Cyle Larin
7%

Score Distribution

Percentile by Number Answered

Percent of People with Each Score

Your Score History

You have not taken this quiz